Staff Councils And Associations (Record no. 417691)

000 -LEADER
fixed length control field 00440cam a22001217a 4500
008 - FIXED-LENGTH DATA ELEMENTS--GENERAL INFORMATION
fixed length control field 180718b1960 xxu||||| |||| 00| 0 eng d
082 ## - DEWEY DECIMAL CLASSIFICATION NUMBER
Classification number K71x42/IN2
100 ## - MAIN ENTRY--PERSONAL NAME
Personal name Indian Institute Of Public Administrations
245 ## - TITLE STATEMENT
Title Staff Councils And Associations
Statement of responsibility, etc. Indian Institute Of Public Administrations
260 ## - PUBLICATION, DISTRIBUTION, ETC.
Place of publication, distribution, etc. New Delhi
Name of publisher, distributor, etc. Indian Institute Of Public Administrations
Date of publication, distribution, etc. 1960
300 ## - PHYSICAL DESCRIPTION
Extent 51p.
650 ## - SUBJECT ADDED ENTRY--TOPICAL TERM
Topical term or geographic name entry element Representation-National Councils- India
Holdings
Withdrawn status Lost status Damaged status Not for loan Permanent Location Current Location Date acquired Full call number Barcode Date last seen Price effective from Koha item type
        Indian Institute of Public Administration Indian Institute of Public Administration 2009-03-27 K71x42/IN2 852 2018-07-21 2018-07-21 Book

Powered by Koha